Statistics for 李白《将进酒》默写Recite Li Bai’s poem—Qiangjinjiu

Click here to take the quiz!

General Stats

  • This quiz has been taken 203 times
  • The average score is 19 of 28

Answer Stats

答案% Correct
君不见黄河之水天上来
91%
奔流到海不复回
90%
君不见高堂明镜悲白发
88%
朝如青丝暮成雪
86%
将进酒
83%
莫使金樽空对月
82%
人生得意须尽欢
81%
杯莫停
81%
千金散尽还复来
80%
天生我材必有用
77%
岑夫子
74%
丹丘生
74%
与君歌一曲
71%
五花马
70%
千金裘
69%
呼儿将出换美酒
68%
与尔同销万古愁
66%
会须一饮三百杯
65%
请君为我倾耳听
65%
烹羊宰牛且为乐
63%
古来圣贤皆寂寞
58%
惟有饮者留其名
58%
钟鼓馔玉不足贵
56%
但愿长醉不愿醒
56%
陈王昔时宴平乐
51%
斗酒十千恣欢谑
46%
主人何为言少钱
46%
径须沽取对君酌
46%

Score Distribution

Percentile by Number Answered

Percent of People with Each Score

Your Score History

You have not taken this quiz